Concurrency : the works of Leslie Lamport
Saved in:
| Other Authors | |
|---|---|
| Format | Electronic eBook |
| Language | English |
| Published |
[New York, New York] :
Association for Computing Machinery,
[2019]
|
| Edition | First edition. |
| Series | ACM books ;
#29. |
| Subjects | |
| Online Access | Full text |
| ISBN | 9781450372732 9781450372725 9781450372701 9781450372718 |
| ISSN | 2374-6777 ; |
| Physical Description | 1 online zdroj (xx, 345 stran) : ilustrace |
Cover
| LEADER | 00000cam a2200000 i 4500 | ||
|---|---|---|---|
| 001 | 108504 | ||
| 003 | CZ-ZlUTB | ||
| 005 | 20260612124359.0 | ||
| 006 | m fo d | ||
| 007 | cr cnu|||m|||a | ||
| 008 | 191212s2019 nyua fo 001 0beng d | ||
| 020 | |a 9781450372732 |q (ebook) | ||
| 020 | |a 9781450372725 |q (epub) | ||
| 020 | |z 9781450372701 |q (hardcover) | ||
| 020 | |z 9781450372718 |q (paperback) | ||
| 024 | 7 | |a 10.1145/3335772 |2 doi | |
| 035 | |a (OCoLC)1130713068 | ||
| 040 | |a CaBNVSL |b eng |c J2I |d J2I |d OCLCF |d CUS |d NJT |d OCL |d ORU |d OCLCQ |d OCLCO |d YDX |d KSU |d OCLCQ |e rda | ||
| 043 | |a n-us--- | ||
| 072 | 7 | |a 004 |x Počítačová věda. Výpočetní technika. Informační technologie |2 Konspekt |9 23 | |
| 072 | 7 | |a 929 |x Biografie |2 Konspekt |9 8 | |
| 080 | |a 004-051 |2 MRF | ||
| 080 | |a 004.421 |2 MRF | ||
| 080 | |a 004.75 |2 MRF | ||
| 080 | |a (73) |2 MRF | ||
| 080 | |a (0.034.2:08) |2 MRF | ||
| 080 | |a (092) |2 MRF | ||
| 245 | 0 | 0 | |a Concurrency : |b the works of Leslie Lamport / |c Dahlia Malkhi, editor. |
| 246 | 3 | 0 | |a Works of Leslie Lamport |
| 250 | |a First edition. | ||
| 264 | 1 | |a [New York, New York] : |b Association for Computing Machinery, |c [2019] | |
| 300 | |a 1 online zdroj (xx, 345 stran) : |b ilustrace | ||
| 336 | |a text |b txt |2 rdacontent | ||
| 337 | |a počítač |b c |2 rdamedia | ||
| 338 | |a online zdroj |b cr |2 rdacarrier | ||
| 490 | 1 | |a ACM books, |x 2374-6777 ; |v #29 | |
| 500 | |a "A.M. Turing Award"--Cover | ||
| 504 | |a Obsahuje bibliografické odkazy a index. | ||
| 506 | |a Plný text je dostupný pouze z IP adres počítačů Univerzity Tomáše Bati ve Zlíně nebo vzdáleným přístupem pro zaměstnance a studenty | ||
| 600 | 1 | 4 | |a Lamport, Leslie |
| 650 | 0 | 7 | |a počítačoví vědci |7 ph370267 |z Spojené státy americké |2 czenas |
| 650 | 0 | 7 | |a algoritmy (programování) |7 ph131788 |2 czenas |
| 650 | 0 | 7 | |a distribuované zpracování dat |7 ph119488 |2 czenas |
| 650 | 0 | 9 | |a computer scientists |z United States |2 eczenas |
| 650 | 0 | 9 | |a computer algorithms |2 eczenas |
| 650 | 0 | 9 | |a distributed data processing |2 eczenas |
| 655 | 7 | |a elektronické knihy |7 fd186907 |2 czenas | |
| 655 | 7 | |a biografie |7 fd131909 |2 czenas | |
| 655 | 9 | |a electronic books |2 eczenas | |
| 655 | 9 | |a biography |2 eczenas | |
| 700 | 1 | |a Malkhi, Dahlia, |e editor. | |
| 776 | 0 | 8 | |i Print version: |z 9781450372718 |z 9781450372701 |
| 830 | 0 | |a ACM books ; |v #29. | |
| 856 | 4 | 0 | |u https://proxy.k.utb.cz/login?url=https://dl.acm.org/doi/book/10.1145/3335772 |
| 942 | |2 udc | ||
| 992 | |c EBOOK-TN |c ACM | ||
| 993 | |x NEPOSILAT |y EIZ | ||
| 999 | |c 108504 |d 108504 | ||